Cities in Arkansas by picture - Statistics

General Stats
  • This quiz has been taken 11 times
  • The average score is 8 of 16
Answer Stats
Picture Answer % Correct
Fayetteville
89%
Fort Smith
89%
Little Rock
89%
Hot Springs
67%
Jonesboro
67%
Rogers
67%
Bentonville
56%
North Little Rock
56%
Conway
44%
Pine Bluff
44%
Springdale
44%
Cabot
33%
Searcy
33%
Bella Vista
22%
Russellville
22%
Van Buren
22%
No matching quizzes found
Score Distribution
Percent of People with Each Score
Percentile by Number Answered
Your Score History
You have not taken this quiz